[Event "Augsburg Afro op"]
[Site "Augsburg"]
[Date "2003.08.10"]
[Round "7"]
[White "Herrmann, Arnd Peter"]
[Black "Deglmann, Ludwig"]
[Result "1/2-1/2"]
[WhiteElo "2081"]
[BlackElo "2269"]
[PlyCount "42"]
[EventDate "2003.08.06"]
[EventType "swiss"]
[EventRounds "7"]
[EventCountry "GER"]
[SourceTitle "EXT 2006"]
[Source "ChessBase"]
[SourceDate "2005.11.24"]
[SourceVersion "1"]
[SourceVersionDate "2005.11.24"]
[SourceQuality "1"]

1. d4 f5 2. g3 Nf6 3. Bg2 g6 4. Nf3 Bg7 5. 0-0 0-0 6. c4 d6 7. Nc3 Qe8 8. d5 a5 9. Nd4 Na6 10. e4 fxe4 11. Nxe4 Nxe4 12. Bxe4 Bh3 13. Re1 Qf7 14. Be3 Nc5 15. Bg2 Bxg2 16. Kxg2 Rae8 17. Qd2 e6 18. Nxe6 Nxe6 19. dxe6 Rxe6 20. Rad1 b6 21. b3 Rfe8 1/2-1/2

[Event "Hohenloher op 10th"]
[Site "Forchtenberg"]
[Date "2003.06.20"]
[Round "4"]
[White "Herrmann, Arnd Peter"]
[Black "Frommherz, Albert"]
[Result "1-0"]
[WhiteElo "2086"]
[BlackElo "1710"]
[PlyCount "63"]
[EventDate "2003.06.19"]
[EventType "swiss"]
[EventRounds "7"]
[EventCountry "GER"]
[SourceTitle "EXT 2004"]
[Source "ChessBase"]
[SourceDate "2003.11.25"]
[SourceVersion "1"]
[SourceVersionDate "2003.11.25"]
[SourceQuality "1"]

1. d4 f5 2. c4 Nf6 3. Nc3 g6 4. e3 Bg7 5. Bd3 d6 6. Nge2 0-0 7. 0-0 e5 8. b3 Nc6 9. Bb2 e4 10. Bb1 Qe8 11. a3 Bd7 12. Nb5 Qc8 13. Ba2 a6 14. Nbc3 Kh8 15. b4 Qe8 16. Rc1 Ne7 17. d5 g5 18. Nd4 Ng4 19. Ba1 Ne5 20. Ne6 Bxe6 21. dxe6 Nd3 22. Rc2 c6 23. Ne2 Qg6 24. Rd2 c5 25. Bxg7+ Qxg7 26. Nc1 Nxc1 27. Qxc1 Rad8 28. Rfd1 f4 29. bxc5 fxe3 30. fxe3 Nf5 31. cxd6 Nxe3 32. e7 1-0

[Event "Hohenloher op 10th"]
[Site "Forchtenberg"]
[Date "2003.06.19"]
[Round "2"]
[White "Herrmann, Arnd Peter"]
[Black "Schmidt, Georg"]
[Result "1/2-1/2"]
[WhiteElo "2086"]
[BlackElo "2250"]
[PlyCount "59"]
[EventDate "2003.06.19"]
[EventType "swiss"]
[EventRounds "7"]
[EventCountry "GER"]
[SourceTitle "EXT 2004"]
[Source "ChessBase"]
[SourceDate "2003.11.25"]
[SourceVersion "1"]
[SourceVersionDate "2003.11.25"]
[SourceQuality "1"]

1. d4 g6 2. e4 d6 3. Nf3 Bg7 4. Be3 Nf6 5. Nbd2 0-0 6. Be2 b6 7. c3 Bb7 8. Qc2 c5 9. 0-0 Qc7 10. Rac1 Nbd7 11. Qb1 Rac8 12. Nh4 e5 13. d5 Rce8 14. h3 Qd8 15. g3 a6 16. a4 Kh8 17. Rcd1 Ng8 18. Kh2 Ne7 19. f3 f5 20. Ng2 f4 21. Bf2 fxg3+ 22. Bxg3 Nf6 23. f4 exf4 24. Nxf4 Nfxd5 25. exd5 Nxd5 26. Bc4 Nxf4 27. Rxf4 Rxf4 28. Bxf4 Qh4 29. Bg3 Be5 30. Rg1 1/2-1/2

[Event "Bayern-ch 73rd"]
[Site "Pfarrkirchen"]
[Date "2002.08.27"]
[Round "5"]
[White "Buchner, Rudolf"]
[Black "Herrmann, Arnd Peter"]
[Result "1-0"]
[WhiteElo "2189"]
[BlackElo "2014"]
[PlyCount "63"]
[EventDate "2002.08.24"]
[EventType "swiss"]
[EventRounds "9"]
[EventCountry "GER"]
[SourceTitle "EXT 2015"]
[Source "ChessBase"]
[SourceDate "2014.11.20"]
[SourceVersion "1"]
[SourceVersionDate "2014.11.20"]
[SourceQuality "1"]

1. e4 g6 2. d4 Bg7 3. Nc3 c6 4. Nf3 d5 5. Be3 Nf6 6. e5 Ne4 7. Nxe4 dxe4 8. Nd2 c5 9. c3 cxd4 10. cxd4 Nc6 11. Nxe4 Qb6 12. Qd2 Bf5 13. Nc3 Rd8 14. Bb5 0-0 15. Bxc6 Qxc6 16. f4 f6 17. exf6 Bxf6 18. 0-0 Qc4 19. Ne2 e5 20. Rfc1 Qa6 21. fxe5 Bxe5 22. Rc5 Bg7 23. Rc7 Rfe8 24. Ng3 Be5 25. Rc3 Bg4 26. Ra3 Qe6 27. Bf2 a6 28. Re1 Rxd4 29. Rd3 Rxd3 30. Qxd3 Rc8 31. h3 Bf5 32. Nxf5 1-0

[Event "Bayern-ch 73rd"]
[Site "Pfarrkirchen"]
[Date "2002.08.24"]
[Round "1"]
[White "Herrmann, Arnd Peter"]
[Black "Schunk, Eduard"]
[Result "0-1"]
[WhiteElo "2014"]
[BlackElo "2298"]
[PlyCount "35"]
[EventDate "2002.08.24"]
[EventType "swiss"]
[EventRounds "9"]
[EventCountry "GER"]
[SourceTitle "EXT 2015"]
[Source "ChessBase"]
[SourceDate "2014.11.20"]
[SourceVersion "1"]
[SourceVersionDate "2014.11.20"]
[SourceQuality "1"]

1. d4 Nf6 2. c4 g6 3. Nc3 Bg7 4. e4 0-0 5. Be3 d6 6. f3 a6 7. Qd2 Nfd7 8. Nge2 c5 9. d5 b5 10. cxb5 Qa5 11. bxa6 Bxa6 12. Nc1 Ne5 13. Nb3 Qb6 14. Be2 Nc4 15. Bxc4 Bxc4 16. Nc1 Nd7 17. b3 Qb4 18. N1e2 0-1

[Event "Baunatal op 7th"]
[Site "Baunatal"]
[Date "2001.08.14"]
[Round "4"]
[White "Pichl, Uwe Rolf"]
[Black "Herrmann, Arnd Peter"]
[Result "0-1"]
[WhiteElo "1641"]
[BlackElo "2117"]
[PlyCount "72"]
[EventDate "2001.08.08"]
[EventType "swiss"]
[EventRounds "7"]
[EventCountry "GER"]
[SourceTitle "EXT 2002"]
[Source "ChessBase"]
[SourceDate "2001.11.25"]
[SourceVersion "1"]
[SourceVersionDate "2001.11.25"]
[SourceQuality "1"]

1. d4 g6 2. Bf4 Bg7 3. e3 c5 4. c3 Qb6 5. Qc2 d5 6. dxc5 Qxc5 7. Nf3 Nc6 8. Nbd2 e5 9. Bg3 Nge7 10. Nb3 Qb6 11. Be2 0-0 12. 0-0 Bf5 13. Qc1 Rac8 14. Nh4 Be6 15. Qb1 e4 16. Bf4 Bf6 17. Bh6 Rfe8 18. g3 g5 19. Ng2 Nf5 20. Bxg5 Bxg5 21. Nd4 Nfxd4 22. exd4 Ne7 23. f4 exf3 24. Bxf3 Bf5 25. Qe1 Bd3 26. Rf2 Ng6 27. Qd1 Be4 28. Bg4 Rc7 29. h4 Bh6 30. Qf1 Qd6 31. h5 Qxg3 32. hxg6 Be3 33. gxh7+ Kg7 34. Bh5 Rce7 35. Rd1 Bxg2 36. Qxg2 Bxf2+ 0-1

[Event "Baunatal op 7th"]
[Site "Baunatal"]
[Date "2001.08.08"]
[Round "1"]
[White "Herrmann, Arnd Peter"]
[Black "Rafiee, Kayvan"]
[Result "1-0"]
[WhiteElo "2117"]
[BlackElo "1584"]
[PlyCount "89"]
[EventDate "2001.08.08"]
[EventType "swiss"]
[EventRounds "7"]
[EventCountry "GER"]
[SourceTitle "EXT 2002"]
[Source "ChessBase"]
[SourceDate "2001.11.25"]
[SourceVersion "1"]
[SourceVersionDate "2001.11.25"]
[SourceQuality "1"]

1. d4 Nf6 2. c4 e5 3. d5 Bc5 4. Nc3 0-0 5. e4 d6 6. h3 Ne8 7. g4 Qh4 8. Rh2 a6 9. Bd3 Nd7 10. Nf3 Qe7 11. Bg5 f6 12. Bd2 Qf7 13. Qe2 Bb4 14. 0-0-0 b5 15. cxb5 axb5 16. a3 Bxc3 17. Bxc3 Nc5 18. Bxb5 Ba6 19. Bxa6 Nxa6 20. Nh4 Qd7 21. Nf5 Nc5 22. f3 Qa4 23. h4 Qb3 24. Qc2 Qb7 25. b4 Na4 26. Ne7+ Kf7 27. Nc6 Nb6 28. Qb3 Qa6 29. Ra2 Qb5 30. Be1 g6 31. Bf2 Na4 32. Kb1 Ng7 33. Ka1 Ke8 34. Rc1 f5 35. Na7 Qd7 36. exf5 gxf5 37. g5 Kf7 38. Rac2 Ne8 39. Rc6 Nb6 40. Nb5 Rc8 41. Bxb6 Rb8 42. Nxc7 Rxb6 43. Rxb6 Nxc7 44. Rb7 Rc8 45. Qc2 1-0

[Event "Werther Schloss op-A 7th"]
[Site "Werther"]
[Date "2001.04.07"]
[Round "3"]
[White "Schmidt, Oliver"]
[Black "Herrmann, Arnd Peter"]
[Result "1/2-1/2"]
[WhiteElo "1937"]
[BlackElo "2125"]
[PlyCount "44"]
[EventDate "2001.04.06"]
[EventType "swiss"]
[EventRounds "5"]
[EventCountry "GER"]
[SourceTitle "EXT 2002"]
[Source "ChessBase"]
[SourceDate "2001.11.25"]
[SourceVersion "1"]
[SourceVersionDate "2001.11.25"]
[SourceQuality "1"]

1. d4 c6 2. Nf3 d6 3. e3 g6 4. Bd3 Bg7 5. c3 Nd7 6. Nbd2 Ngf6 7. b3 0-0 8. Bb2 Re8 9. 0-0 Qc7 10. Qc2 e5 11. c4 b6 12. Rad1 Bb7 13. e4 Rad8 14. Rfe1 Nf8 15. d5 c5 16. Nf1 Nh5 17. g3 Bc8 18. Ne3 h6 19. Be2 Nh7 20. Bc1 Bd7 21. Nh4 N7f6 22. f3 Kh7 1/2-1/2

[Event "Passau op 7th"]
[Site "Passau"]
[Date "1999.04.03"]
[Round "3"]
[White "Loos, Stephan"]
[Black "Herrmann, Arnd Peter"]
[Result "0-1"]
[WhiteElo "2240"]
[BlackElo "1990"]
[PlyCount "94"]
[EventDate "1999.04.02"]
[EventType "swiss"]
[EventRounds "7"]
[EventCountry "GER"]
[SourceTitle "EXT 2000"]
[Source "ChessBase"]
[SourceDate "1999.11.16"]
[SourceVersion "1"]
[SourceVersionDate "1999.11.16"]
[SourceQuality "1"]

1. d4 Nf6 2. c4 e6 3. Nc3 Bb4 4. Qc2 c5 5. dxc5 Nc6 6. Nf3 Qa5 7. Bd2 Qxc5 8. e3 d5 9. a3 Bxc3 10. Qxc3 dxc4 11. Bxc4 b5 12. Bd3 Qb6 13. 0-0 0-0 14. e4 Bd7 15. Bg5 e5 16. Nxe5 Nxe5 17. Qxe5 Rfe8 18. Qf4 Ng4 19. Be2 Ne5 20. Qg3 Rac8 21. Be3 Qb7 22. f4 Ng6 23. Bd3 Ne7 24. Bd4 f6 25. Bxf6 Qb6+ 26. Kh1 Qxf6 27. e5 Qf7 28. Qf2 a6 29. f5 Rf8 30. f6 Ng6 31. Rae1 gxf6 32. exf6 Rc6 33. Qd4 Re6 34. Rxe6 Bxe6 35. h4 Bc4 36. h5 Bxd3 37. Qxd3 Ne7 38. Qg3+ Kh8 39. Qg5 Rg8 40. Qe5 Nc6 41. Qc5 Qc4 42. Qf2 Qf7 43. Qf4 Nd4 44. Qe5 Ne6 45. Re1 Ng5 46. Qe2 Qxf6 47. Rf1 Qd4 0-1

[Event "Staufer op 11th"]
[Site "Schwaebisch Gmuend"]
[Date "1999.??.??"]
[Round "8"]
[White "Riedel, Holger"]
[Black "Herrmann, Arnd Peter"]
[Result "1-0"]
[WhiteElo "2240"]
[BlackElo "2100"]
[PlyCount "69"]
[EventDate "1999.01.02"]
[EventType "swiss"]
[EventRounds "9"]
[EventCountry "GER"]
[SourceTitle "CBM 068 Extra"]
[Source "ChessBase"]
[SourceDate "1999.03.01"]
[SourceVersion "1"]
[SourceVersionDate "1999.03.01"]
[SourceQuality "1"]

1. d4 g6 2. c4 Bg7 3. Nc3 d6 4. e4 e5 5. d5 f5 6. exf5 Bxf5 7. g4 Bc8 8. Bg2 Nd7 9. Nge2 Ne7 10. Ng3 Nf6 11. h3 Bd7 12. Be3 h6 13. c5 0-0 14. 0-0 g5 15. Qb3 Qb8 16. Rfc1 Rc8 17. a4 Be8 18. a5 Bf7 19. Qd1 Rd8 20. cxd6 Rxd6 21. Bc5 Rd7 22. Bxe7 Rxe7 23. a6 b6 24. d6 Rd7 25. Nb5 cxd6 26. Bc6 Rd8 27. Nf5 Bf8 28. Qf3 d5 29. Bxa8 Qxa8 30. Rc7 Rd7 31. Rac1 Rxc7 32. Rxc7 Qd8 33. Rxa7 e4 34. Qc3 Be8 35. Qc7 1-0

[Event "Augsburg Afro op"]
[Site "Augsburg"]
[Date "1998.??.??"]
[Round "6"]
[White "Czajka, Detlef"]
[Black "Herrmann, Arnd Peter"]
[Result "0-1"]
[WhiteElo "1860"]
[BlackElo "2010"]
[PlyCount "68"]
[EventDate "1998.??.??"]
[EventType "swiss"]
[EventRounds "7"]
[EventCountry "GER"]
[SourceTitle "EXT 2004"]
[Source "ChessBase"]
[SourceDate "2003.11.25"]
[SourceVersion "1"]
[SourceVersionDate "2003.11.25"]
[SourceQuality "1"]

1. c4 Nf6 2. g3 e6 3. Bg2 Be7 4. Nf3 0-0 5. 0-0 b6 6. Ne5 c6 7. d4 Qc7 8. Nc3 Bb7 9. Bf4 d6 10. Nd3 Nbd7 11. e4 e5 12. Be3 Rfe8 13. dxe5 dxe5 14. Qe2 Nf8 15. f3 Bc8 16. b3 Be6 17. Rfd1 N6d7 18. f4 f6 19. f5 Bf7 20. Rd2 Red8 21. Rad1 Nb8 22. g4 Na6 23. h4 Nd7 24. g5 Nac5 25. Nf2 Nb7 26. Nd3 a6 27. Qg4 Kh8 28. g6 Bg8 29. Qh5 b5 30. gxh7 Bxh7 31. cxb5 axb5 32. Qf7 Nf8 33. Nc5 Nxc5 34. Bxc5 Bxc5+ 0-1

[Event "Augsburg Afro op"]
[Site "Augsburg"]
[Date "1998.??.??"]
[Round "1"]
[White "Herrmann, Arnd Peter"]
[Black "Miller, Peter"]
[Result "1/2-1/2"]
[WhiteElo "2010"]
[BlackElo "1665"]
[PlyCount "43"]
[EventDate "1998.??.??"]
[EventType "swiss"]
[EventRounds "7"]
[EventCountry "GER"]
[SourceTitle "EXT 2004"]
[Source "ChessBase"]
[SourceDate "2003.11.25"]
[SourceVersion "1"]
[SourceVersionDate "2003.11.25"]
[SourceQuality "1"]

1. d4 Nf6 2. Nf3 e6 3. Bg5 Be7 4. Nbd2 d5 5. e3 0-0 6. Bd3 Nbd7 7. 0-0 c5 8. c3 b6 9. Qb1 h6 10. Bh4 Nh5 11. Bxe7 Qxe7 12. Ne5 Nxe5 13. dxe5 f5 14. f4 Bb7 15. Rf3 d4 16. Rh3 dxe3 17. Rxh5 exd2 18. Qc2 c4 19. Be2 Qc5+ 20. Kf1 Rad8 21. Rh3 Be4 22. Qa4 1/2-1/2

[Event "Augsburg Afro op"]
[Site "Augsburg"]
[Date "1997.??.??"]
[Round "1"]
[White "Herrmann, Arnd Peter"]
[Black "Kampen, Johann"]
[Result "1-0"]
[WhiteElo "1950"]
[BlackElo "1855"]
[PlyCount "97"]
[EventDate "1997.??.??"]
[EventType "swiss"]
[EventRounds "7"]
[EventCountry "GER"]
[SourceTitle "EXT 2006"]
[Source "ChessBase"]
[SourceDate "2005.11.24"]
[SourceVersion "1"]
[SourceVersionDate "2005.11.24"]
[SourceQuality "1"]

1. d4 d5 2. Nf3 c6 3. Bf4 Qb6 4. Qc1 Bf5 5. e3 e6 6. Bd3 Bxd3 7. cxd3 Nf6 8. Nc3 Nbd7 9. 0-0 Be7 10. h3 0-0 11. Qd2 Rfc8 12. Rac1 Qd8 13. Bh2 Nf8 14. Na4 Ng6 15. Rc2 Nd7 16. Rfc1 Qf8 17. Nc5 Bxc5 18. dxc5 e5 19. Qc3 Qe7 20. d4 f6 21. Qb3 e4 22. Nd2 Ndf8 23. f3 exf3 24. e4 fxg2 25. exd5 Kh8 26. dxc6 bxc6 27. Bd6 Qe6 28. Qg3 Qd5 29. Nf3 Re8 30. Rxg2 Re3 31. Kf2 Rae8 32. Bxf8 Re2+ 33. Kf1 Rxg2 34. Kxg2 Rxf8 35. b3 Re8 36. Re1 Rd8 37. Kf2 Kg8 38. Qc7 h5 39. Qg3 Kh7 40. Rg1 Qe4 41. Re1 Qf5 42. Kg1 Rd7 43. Nh4 Nxh4 44. Qxh4 Rd5 45. Qe4 Qg6+ 46. Kf2 Rf5+ 47. Ke3 Qg5+ 48. Kd3 g6 49. Qe7+ 1-0

[Event "Augsburg Afro op"]
[Site "Augsburg"]
[Date "1997.??.??"]
[Round "7"]
[White "Herrmann, Arnd Peter"]
[Black "Lindemann, Stefan"]
[Result "1-0"]
[WhiteElo "1950"]
[BlackElo "1760"]
[PlyCount "77"]
[EventDate "1997.??.??"]
[EventType "swiss"]
[EventRounds "7"]
[EventCountry "GER"]
[SourceTitle "EXT 2006"]
[Source "ChessBase"]
[SourceDate "2005.11.24"]
[SourceVersion "1"]
[SourceVersionDate "2005.11.24"]
[SourceQuality "1"]

1. d4 Nf6 2. Nf3 g6 3. Bg5 Bg7 4. Nbd2 d6 5. e4 Bg4 6. h3 Bxf3 7. Qxf3 Nbd7 8. Be2 c6 9. Rd1 Qa5 10. Qe3 0-0 11. 0-0 c5 12. c3 Rfc8 13. Nc4 Qc7 14. e5 Re8 15. Bxf6 exf6 16. Nxd6 Re7 17. Nb5 Qb6 18. f4 a6 19. Na3 Qxb2 20. Nc4 Qxa2 21. Ra1 Qc2 22. Rfc1 Qb3 23. Rcb1 cxd4 24. Qxd4 fxe5 25. fxe5 Qc2 26. Bd3 Qxb1+ 27. Rxb1 Nxe5 28. Nxe5 Rxe5 29. Qd7 b5 30. c4 Rae8 31. cxb5 axb5 32. Bxb5 Rb8 33. Rf1 Rexb5 34. Rxf7 Rb1+ 35. Kf2 R8b2+ 36. Kg3 Be5+ 37. Kh4 Rb4+ 38. Kg5 h6+ 39. Kxh6 1-0

[Event "Augsburg Afro op"]
[Site "Augsburg"]
[Date "1997.??.??"]
[Round "2"]
[White "Weidt, Frank"]
[Black "Herrmann, Arnd Peter"]
[Result "0-1"]
[WhiteElo "2025"]
[BlackElo "1950"]
[PlyCount "92"]
[EventDate "1997.??.??"]
[EventType "swiss"]
[EventRounds "7"]
[EventCountry "GER"]
[SourceTitle "EXT 2006"]
[Source "ChessBase"]
[SourceDate "2005.11.24"]
[SourceVersion "1"]
[SourceVersionDate "2005.11.24"]
[SourceQuality "1"]

1. a3 d5 2. d4 Bf5 3. Nf3 e6 4. c4 c6 5. Qb3 Qc7 6. Nc3 Nd7 7. Nh4 Ne7 8. Bd2 Qb6 9. Qxb6 Nxb6 10. cxd5 exd5 11. Nxf5 Nxf5 12. e3 Be7 13. Bd3 Nd6 14. b3 0-0 15. Ke2 f5 16. f3 Rae8 17. Rhc1 Bf6 18. Kf2 f4 19. Ne2 Bh4+ 20. g3 fxe3+ 21. Bxe3 Ne4+ 22. Bxe4 dxe4 23. f4 Bf6 24. Nc3 Rf7 25. Ra2 Rd7 26. Rd2 Kf7 27. g4 Nd5 28. Na4 Be7 29. Nc5 Rc7 30. b4 Bd6 31. f5 Nf4 32. Rb1 Rce7 33. a4 g6 34. Bxf4 Bxf4 35. Re2 gxf5 36. gxf5 Kf6 37. Ne6 Kxf5 38. Nc5 Bxh2 39. Rh1 Bf4 40. Rh5+ Kg4 41. Rh1 Bg3+ 42. Kg2 h5 43. Rxh5 Kxh5 44. Kxg3 b6 45. Nb3 Rg7+ 46. Kf4 Rf7+ 0-1